| 000 | 00717cam a22001935a 4500 | ||
|---|---|---|---|
| 001 | L157177 | ||
| 008 | 120530e20120824xxk 000 0 eng d | ||
| 035 | _a(Sirsi) u157177 | ||
| 041 | 0 | _aeng | |
| 100 | 1 | _aFordham, Peter | |
| 245 | 0 | 0 |
_aCost update _bQ2 2012 |
| 260 | _c2012 | ||
| 490 |
_aBuilding _v277(8741) 24 August 2012, 50-52(3) |
||
| 520 | _aQuarterly analysis of construction costs and prices based on Davis Langdon's indices, looks at key changes; price adjustment formulae for construction contracts; materials, executive summary, key indicators; labour market statistics and wage agreements. | ||
| 590 | _aKA | ||
| 651 | 4 |
_aUnited Kingdom _y |
|
| 690 |
_aConstruction management _96230 |
||
| 942 | _n0 | ||
| 999 |
_c84283 _d84283 |
||